| 000 | 00729nam a2200217 i 4500 | ||
|---|---|---|---|
| 001 | 189934 | ||
| 003 | ES-MaACL | ||
| 005 | 20230906223609.0 | ||
| 008 | 200130s1966 ag |||| | spa d | ||
| 100 | 1 |
_aMachado, María Clara. _975164 |
|
| 245 | 1 | 3 |
_aLa niña y el viento ; Pluft, el fantasmita ; El caballero azul / _cMaría Clara Machado ; [traductora, María Julieta Drummond]. |
| 246 | 3 | _aPluft, el fantasmita | |
| 260 |
_aBuenos Aires : _bLosange, _c1966. |
||
| 300 |
_a108 p. ; _c20 cm. |
||
| 490 | 1 |
_aTeatro brasileño ; _v1 |
|
| 700 | 1 |
_aDrummond, Maria Julieta. _9169453 |
|
| 740 | 3 | 2 | _aEl caballero azul. |
| 830 | 1 |
_aTeatro brasileño ; _v1 _9180921 |
|
| 852 |
_aES-MaACL _jP-1224-1 |
||
| 999 |
_c189934 _d189934 |
||